1268 1702 1647 1432 1193 1369 1427 1301 1036 1481 1932 1826 1405 1835 1561 1308 1587 1830 1313 1194 1610 1607 1680 1462 1825 1645 1524 1772 1730 1265 1557 1120 1583 1378 1212 1404 1136 1860 1920 1533 1265 1501 1648 1719 1879 1670 1557 1579 1740 1037 1529 1774 1452 1480 1955 1115 1190 1009 1888 1216 1712 1201 1676 1409 1737 1366 1887 1931 1774 1711 1423 1949 1442 1452 1686 1096 1554 1666 1078 1645 1521 1081 1151 1747 1422 1653 1284 1459 1559 1057 1579 1643 1452 1363 1384 1346 1018 1312 1439 BCNSPRNW ULIB Ver.6.0+V

เปลี่ยนเป็นภาษาไทย

Change to English
 แสดงรายละเอียดบรรณานุกรม
  กลับหน้าหลัก

Brief Record : Get Marc (ISO 2709) : E-mail record : QR code < ปิดหน้าต่าง
LEADER : 00000nam 2200000uu 4500
001    13399123936
003     ULIB
008    141215s2556||||th 000 0 tha d
020    ^a9786167556178
060  4 ^aWA695^bน624ร
100 0  นิภาพร จตุพรโภคา
245 00 ^aฉลาดซื้อ รวมผลทดสอบ 2013 :^bฉลาดเลือกใช้/^cบรรณาธิการต้นฉบับ นิภาพร จตุพรโภคา
250    ^aพิมพ์ครั้งแรก
260    ^aกรุงเทพฯ :^bพิมพ์ดี,^c2556
300    ^a126 หน้า :^bภาพประกอบ
650  7 ^aการคุ้มครองผู้บริโภค
650  7 ^aความปลอดภัยในผลิตภัณฑ์
650  7 ^aการเลือกซื้อสินค้า
650  7 ^aสินค้า^xการทดสอบ
650  7 ^aสินค้า^xการทดสอบ
700 0  ^aนิภาพร จตุพรโภคา,^eบรรณาธิการ
710 2  ^aมูลนิธิเพื่อผู้บริโภค
945    ^p100^l0^i22729
945    ^p100^l0^i22730
999    ^aทศพร เกษรทอง
รายการนี้ยังไม่มีแท็ก
คุณยังไม่ได้ล็อกอิน คุณสามารถมีกิจกรรมร่วมกับเว็บไซต์ได้ แต่ต้องล็อกอินก่อน ::
  ล็อกอิน

รายการสื่อสารสนเทศ

ลำดับที่ ประเภท เลขเรียก/บาร์โค้ด สถานที่ สถานะ
1. วิทยาศาสตร์การแพทย์ และสุขภาพ
วิทยาศาสตร์การแพทย์ และสุขภาพ
สถานะ=หนังสือเก่า
WA695 น624ร ฉ.1 
  Barcode: 22729
ห้องสมุดวิทยาเขตนครสวรรค์
►ส่วนจัดเก็บหนังสือเก่า นว.
บนชั้น
  ขอยืม
2. วิทยาศาสตร์การแพทย์ และสุขภาพ
วิทยาศาสตร์การแพทย์ และสุขภาพ
สถานะ=หนังสือเก่า
WA695 น624ร ฉ.2 
  Barcode: 22730
ห้องสมุดวิทยาเขตนครสวรรค์
►ส่วนจัดเก็บหนังสือเก่า นว.
บนชั้น
  ขอยืม

รายการใกล้เคียง
    ผู้แต่ง [นิภาพร จตุพรโภคา]

    หัวเรื่อง [การคุ้มครองผู้บริโภค]
    หัวเรื่อง [ความปลอดภัยในผลิตภัณฑ์]
    หัวเรื่อง [การเลือกซื้อสินค้า]

BibComment


ยังไม่เคยถูกคอมเมนท์

คอมเมนท์ทรัพยากรรายการนี้
  คอมเมนท์: ฉลาดซื้อ รวมผลทด..


 Copyright 2026. Bcnsprnw @Library